Kubur yang bercahaya
| Main Author: | |
|---|---|
| Format: | Book |
| Published: |
Petaling Jaya :
Penerbitan Attarbiah ,
2002
|
| Series: | Siri kisah dan iktibar
|
| Subjects: |
MARC
| LEADER | 00000cam a2200000 7i4500 | ||
|---|---|---|---|
| 001 | 0000048462 | ||
| 005 | 20151222.0 | ||
| 008 | 150617 | ||
| 020 | |a 9832569044 | ||
| 090 | 0 | 0 | |a JF |b PR MAL |
| 100 | 0 | |a Habsah Yeob | |
| 245 | 1 | 0 | |a Kubur yang bercahaya |c Habsah Yeob |
| 260 | |a Petaling Jaya : |b Penerbitan Attarbiah , |c 2002 | ||
| 440 | |a Siri kisah dan iktibar | ||
| 500 | |a Children ages 7-9 years old (orange) | ||
| 650 | 0 | |a Children's stories |x Malay fiction | |
| 999 | |a 0000008960 |b Book |c Children Collection |e Cawangan Taman Universiti | ||